[Event "IND AICF-ch blind 18th"]
[Site "Odisha"]
[Date "2025.04.04"]
[Round "5"]
[White "Makwana, Ashvin K"]
[Black "Rahul, Vaghela"]
[Result "1-0"]
[WhiteElo "1777"]
[BlackElo "1587"]
[PlyCount "55"]
[EventDate "2025.04.02"]
[EventType "swiss"]
[EventRounds "9"]
[EventCountry "IND"]
[SourceTitle "CB15_2025"]
[SourceDate "2025.04.09"]
[SourceVersion "1"]
[SourceVersionDate "2025.04.09"]
[SourceQuality "1"]

1. Nc3 c5 2. e4 d6 3. f4 g6 4. Nf3 Bg7 5. Bb5+ Bd7 6. Bc4 Nc6 7. d3 e6 8. 0-0 Na5 9. Bd2 a6 10. Qe2 Nxc4 11. dxc4 Ne7 12. e5 d5 13. cxd5 exd5 14. Rfe1 0-0 15. Qf2 Qc8 16. Rad1 Bc6 17. Qxc5 Re8 18. Qf2 Qg4 19. h3 Qf5 20. Nd4 Qh5 21. Nce2 Bxe5 22. fxe5 Qxe5 23. Bc3 Qd6 24. Nxc6 Nxc6 25. Nd4 Nb4 26. a3 Nc6 27. Nxc6 bxc6 28. Qd4 1-0

[Event "IND AICF-ch blind 18th"]
[Site "Odisha"]
[Date "2025.04.03"]
[Round "3"]
[White "Makwana, Ashvin K"]
[Black "Kishan, Gangolli"]
[Result "0-1"]
[WhiteElo "1777"]
[BlackElo "2013"]
[PlyCount "56"]
[EventDate "2025.04.02"]
[EventType "swiss"]
[EventRounds "9"]
[EventCountry "IND"]
[SourceTitle "CB15_2025"]
[SourceDate "2025.04.09"]
[SourceVersion "1"]
[SourceVersionDate "2025.04.09"]
[SourceQuality "1"]

1. d4 Nf6 2. Bf4 d5 3. Nf3 e6 4. e3 c5 5. Nbd2 Nc6 6. c3 cxd4 7. exd4 Nh5 8. Be5 f6 9. Bg3 g6 10. Bb5 Bg7 11. Qe2 a6 12. Bxc6+ bxc6 13. 0-0 Nxg3 14. hxg3 0-0 15. Nb3 Qd6 16. Rfe1 a5 17. Qd2 a4 18. Nc5 e5 19. b4 e4 20. Nh2 f5 21. a3 f4 22. gxf4 Rxf4 23. Qe3 Rh4 24. Qg3 Qf6 25. Qc7 Bf8 26. g3 Rxh2 27. Ra2 Rh5 28. c4 Qf3 0-1

[Event "IND AICF-ch blind 10th"]
[Site "Mumbai"]
[Date "2014.03.03"]
[Round "13"]
[White "Patil, Shirish"]
[Black "Makwana, Ashvin K"]
[Result "1/2-1/2"]
[WhiteElo "1840"]
[BlackElo "1875"]
[PlyCount "52"]
[EventDate "2014.02.23"]
[EventType "tourn"]
[EventRounds "13"]
[EventCountry "IND"]
[SourceTitle "CBM 159 Extra"]
[Source "ChessBase"]
[SourceDate "2014.04.24"]
[SourceVersion "1"]
[SourceVersionDate "2014.04.24"]
[SourceQuality "1"]

1. d4 Nf6 2. Nf3 d5 3. e3 c5 4. c3 e6 5. Bd3 Nc6 6. Nbd2 Be7 7. 0-0 0-0 8. Re1 b6 9. b3 Bb7 10. Bb2 Rc8 11. Rc1 h6 12. Qe2 Qc7 13. e4 dxe4 14. Nxe4 Nd8 15. dxc5 Bxe4 16. Bxe4 Qxc5 17. Bb1 Nc6 18. Ne5 Nxe5 19. Qxe5 Qxe5 20. Rxe5 Rfd8 21. Re2 Rd7 22. Rce1 Rcd8 23. g3 Bc5 24. h3 Rd1 25. Bc1 Kf8 26. Kg2 a5 1/2-1/2

[Event "IND AICF-ch blind 10th"]
[Site "Mumbai"]
[Date "2014.02.24"]
[Round "3"]
[White "Makwana, Ashvin K"]
[Black "Kishan, Gangolli"]
[Result "1/2-1/2"]
[WhiteElo "1875"]
[BlackElo "2028"]
[PlyCount "51"]
[EventDate "2014.02.23"]
[EventType "tourn"]
[EventRounds "13"]
[EventCountry "IND"]
[SourceTitle "CBM 159 Extra"]
[Source "ChessBase"]
[SourceDate "2014.04.24"]
[SourceVersion "1"]
[SourceVersionDate "2014.04.24"]
[SourceQuality "1"]

1. e4 d5 2. exd5 Nf6 3. Bb5+ Bd7 4. Bc4 Bg4 5. f3 Bc8 6. Nc3 Nbd7 7. Bb3 Nb6 8. d4 Nfxd5 9. Nge2 e6 10. 0-0 a5 11. Nxd5 exd5 12. c3 Bd6 13. Bf4 0-0 14. Bxd6 Qxd6 15. Bc2 Re8 16. Qd3 Qh6 17. Ng3 Qe3+ 18. Qxe3 Rxe3 19. Rfe1 Rxe1+ 20. Rxe1 Be6 21. Bf5 Bxf5 22. Nxf5 Kf8 23. Kf2 g6 24. Ne3 Re8 25. Nc2 Rxe1 26. Nxe1 1/2-1/2

[Event "IBCA-ol blind 14th"]
[Site "Chennai"]
[Date "2012.08.16"]
[Round "6.4"]
[White "Makwana, Ashvin K"]
[Black "Clemente Llamero, Roberto"]
[Result "1-0"]
[WhiteElo "1919"]
[BlackElo "2134"]
[PlyCount "89"]
[EventDate "2012.08.10"]
[EventType "team-swiss"]
[EventRounds "9"]
[EventCountry "IND"]
[SourceTitle "CBM 149 Extra"]
[Source "ChessBase"]
[SourceDate "2012.08.24"]
[SourceVersion "1"]
[SourceVersionDate "2012.08.24"]
[SourceQuality "1"]
[WhiteTeam "India"]
[BlackTeam "Spain"]
[WhiteTeamCountry "IND"]
[BlackTeamCountry "ESP"]

1. e4 c6 2. d4 d5 3. e5 Bf5 4. Nf3 e6 5. Bd3 Bxd3 6. Qxd3 Qa5+ 7. c3 Qa6 8. Qxa6 Nxa6 9. 0-0 Ne7 10. Be3 Nf5 11. Nbd2 c5 12. g4 Nxe3 13. fxe3 Be7 14. Rf2 b5 15. a3 Nc7 16. Raf1 a5 17. dxc5 Bxc5 18. Nd4 0-0 19. N2b3 Be7 20. Nc6 Bg5 21. Rf3 a4 22. Nbd4 Rae8 23. Kg2 f6 24. Kg3 fxe5 25. Nxe5 Bxe3 26. Ndc6 Bc5 27. Kg2 Rxf3 28. Rxf3 Rf8 29. h3 Rxf3 30. Kxf3 Bd6 31. Ke3 Na6 32. Nd3 Nc5 33. Nd4 Be7 34. Nxb5 Bg5+ 35. Ke2 Nxd3 36. Kxd3 Kf7 37. c4 dxc4+ 38. Kxc4 Bf6 39. Nc3 Bxc3 40. bxc3 Ke7 41. Kb4 Kd6 42. Kxa4 Kd5 43. Kb3 e5 44. Kc2 Kc4 45. a4 1-0

[Event "IBCA Wch blind 12th"]
[Site "Belgrade"]
[Date "2010.08.29"]
[Round "4.29"]
[White "Makwana, Ashvin K"]
[Black "Schellmann, Frank"]
[Result "1-0"]
[WhiteElo "1857"]
[BlackElo "2077"]
[PlyCount "55"]
[EventDate "2010.08.26"]
[EventType "swiss"]
[EventRounds "9"]
[EventCountry "SRB"]
[SourceTitle "EXT 2011"]
[Source "ChessBase"]
[SourceDate "2010.11.26"]
[SourceVersion "1"]
[SourceVersionDate "2010.11.26"]
[SourceQuality "1"]

1. e4 c5 2. Nc3 Nc6 3. f4 g6 4. Nf3 Bg7 5. Bb5 Nd4 6. 0-0 Nxb5 7. Nxb5 Nf6 8. d3 0-0 9. Qe1 d5 10. Nc3 d4 11. Ne2 Bg4 12. Qh4 Qc8 13. h3 Bxf3 14. Rxf3 Rd8 15. Bd2 c4 16. Rc1 Qc5 17. f5 Nd7 18. fxg6 fxg6 19. Bg5 Re8 20. Nf4 e6 21. Rg3 Ne5 22. Bf6 cxd3 23. Bxg7 d2 24. Rf1 d3+ 25. Kh1 dxc2 26. Nxg6 Nxg6 27. Rxg6 Qf5 28. exf5 1-0